000 00530nam a22001937a 4500
003 KOHA_MİRAKIL
005 20250411172118.0
008 250411b tu ||||| |||| 00| 0 tur d
020 _a9786057643193
040 _aTR-AnABB
_btur
_cTR-AnABB
041 _atur
082 _a861.64
_bFLO 2020
100 1 _aFlores, Paulina,
245 1 0 _aNe rezalet /
_cPaulina Flores
260 _aİstanbul :
_bNotos Yayınları,
_c2020
300 _a233 sayfa ;
_c20 cm
650 0 4 _aİspanyol edebiyatı, roman
942 _2ddc
_cBK
999 _c8661
_d8661
900 _bGizem YORULMAZ